000 00291nam a22001337a 4500
008 181019b xxu||||| |||| 00| 0 eng d
020 _a9780130584144
041 _aeng
080 _a510
100 _a30
101 _aMAT
245 _aTransitition Mathematics
_cZalma.i
942 _2udc
_cBK
999 _c50230
_d50230